000 00240 a2200109 4500
001 68505
040 _cAnchieta - Itaigara
240 1 0 _aUma formiga especial
_l
245 1 0 _aUma formiga especial
650 4 _aLiteratura infantil
942 _cMU
999 _c68505
_d68505